书目信息 |
| 题名: |
上海钱庄史料
|
|
| 作者: | ;中国人民银行上海市分行 编 | |
| 分册: | ||
| 出版信息: | 上海 上海人民出版社 1960 |
|
| 页数: | 854页 | |
| 开本: | 19cm | |
| 丛书名: | ||
| 单 册: | ||
| 中图分类: | F832.95 | |
| 科图分类: | ||
| 主题词: | 钱庄--上海--史料 | |
| 电子资源: | ||
| ISBN: | ||
| 000 | 00712nam0 2200217 45 | |
| 001 | 0178002134 | |
| 005 | 20060605153520.09 | |
| 010 | @b精装@dCNY4.05 | |
| 091 | @a4074.302 | |
| 100 | @a19950714e19781960em y0chiy0121 ea | |
| 101 | 0 | @achi |
| 102 | @aCN@b310000 | |
| 105 | @ay z 000yy | |
| 200 | 10 | @a上海钱庄史料@Ashang hai qian zhuang shi liao@f中国人民银行上海市分行编@Fzhong guo ren min yin hang shang hai shi fen xing bian |
| 210 | @a上海@c上海人民出版社@d1960@h1978重印 | |
| 215 | @a854页@d19cm | |
| 606 | @a钱庄@y上海@x史料 | |
| 690 | @aF832.95@v3 | |
| 711 | 0 | @a中国人民银行上海市分行@Azhong guo ren min yin hang shang hai shi fen xing@4编 |
| 801 | 0 | @aCN@bTSSF@c20060605 |
| 905 | @a10447@dF832.95@e25 | |
| 上海钱庄史料/中国人民银行上海市分行编.-上海:上海人民出版社,1960(1978重印) |
| 854页;19cm |
| ISBN (精装):CNY4.05 |
| ● |
| 相关链接 |
|
|
|
|
正题名:上海钱庄史料
索取号:F832.95/25
 
预约/预借
| 序号 | 登录号 | 条形码 | 馆藏地/架位号 | 状态 | 备注 |
| 1 | 0002605 | 002056562 | 密集书库/ [索取号:F832.95/25] | 在馆 | |
| 2 | 0204178 | 001577010 | 第一样本阅览室/ [索取号:F832.95/25] | 在馆 | |
| 3 | 0421842 | 204218426 | 密集书库/ [索取号:F832.95/25] | 在馆 |